Ιστορία της τζαζ
Αποθηκεύτηκε σε:
| Κύριος συγγραφέας: | |
|---|---|
| Μορφή: | Βιβλίο |
| Γλώσσα: | Greek |
| Δημοσίευση: |
Αθήνα :
Υποδομή,
1981
|
| Θέματα: | |
| Ετικέτες: |
Προσθήκη ετικέτας
Δεν υπάρχουν, Καταχωρήστε ετικέτα πρώτοι!
|
MARC
| LEADER | 00000cam a2200000 i 4500 | ||
|---|---|---|---|
| 001 | 1/70627 | ||
| 008 | 960305s1981 gr | ||| |||| ||gre|| | ||
| 035 | |a 1988 |b 2 |c Αγορά/Τσαφταρίδης |l 10030706 | ||
| 040 | |a GR-MY-UA |b gre |e aacr | ||
| 041 | 0 | |a gre | |
| 082 | 0 | |a 785.4209 | |
| 100 | 1 | |a Chilton, John |d 1932- | |
| 245 | 1 | 0 | |a Ιστορία της τζαζ / |c Τζών Τσίλτον ; μετάφραση Αρις Γεωργίου ; επιμέλεια Σάκης Παπαδημητρίου |
| 260 | |a Αθήνα : |b Υποδομή, |c 1981 | ||
| 300 | |a 323 σ. | ||
| 650 | 0 | 0 | |a Jazz |x History and criticism. |
| 852 | |a INST |b RHODES |e 19960305 |h 785.4209 CHI |p 005400003162 |q 005400003162 |t BK |y 0 | ||
| 909 | |a Ρ |b 011611 | ||